Study and management of large mammals /

Bibliographic Details
Main Author: Riney, Thane
Format: Book
Language:English
Published: Chichester [West Sussex] ; New York : Wiley, [1982]
Subjects:

MARC

Tag First Indicator Second Indicator Subfields
LEADER 00000pam a2200000 a 4500
001 in00000090652
005 20151008065733.0
008 810722s1982 enka b 00110 eng
010 |a  81011519  
020 |a 0471100625 :  |c $84.00 (est.) 
035 |a (OCoLC)07671688 
035 |9 AAK6489AM 
039 0 |a 2  |b 3  |c 3  |d 3  |e 3 
040 |a DLC  |c DLC  |d TXA  |d UtOrBLW 
049 |a TXAM  |c [1116989] 
050 0 0 |a SK353  |b  R56 1982 
082 0 |a 639.9/79  |2 19 
100 1 |a Riney, Thane. 
245 1 0 |a Study and management of large mammals /  |c Thane Riney. 
264 1 |a Chichester [West Sussex] ;  |a New York :  |b Wiley,  |c [1982] 
264 4 |c ©1982 
300 |a ix, 552 pages :  |b illustrations ;  |c 24 cm. 
336 |a text  |b txt  |2 rdacontent 
337 |a unmediated  |b n  |2 rdamedia 
338 |a volume  |b nc  |2 rdacarrier 
500 |a "A Wiley-Interscience publication." 
500 |a Includes index. 
504 |a Bibliography: pages 533-540. 
650 0 |a Wildlife management. 
650 0 |a Mammals. 
999 |a MARS 
999 f f |s 9a0c4e68-8667-342c-9bff-261675bff2d5  |i 66193c45-b648-393d-9884-f5fee32dc70b  |t 0 
952 f f |p ric  |a Texas A&M University  |b Rellis Campus  |c Joint Library Facility  |d Remote Storage  |t 0  |e SK353 R56 1982  |h Library of Congress classification  |i unmediated -- volume  |m A14806000801 
998 f f |a SK353 R56 1982  |t 0  |l Remote Storage